LIBRARY & INFORMATION CENTRE, KCAET, TAVANUR

ONLINE PUBLIC ACCESS CATALOGUE (OPAC)

Mechanism Design: Analysis and Synthesis Vol.1 (Record no. 19455)

MARC details
000 -LEADER
fixed length control field 00434nam a22001697a 4500
003 - CONTROL NUMBER IDENTIFIER
control field OSt
008 - FIXED-LENGTH DATA ELEMENTS--GENERAL INFORMATION
fixed length control field 250227b |||||||| |||| 00| 0 eng d
041 ## - LANGUAGE CODE
Language code of text/sound track or separate title eng
100 ## - MAIN ENTRY--AUTHOR NAME
Personal name Erdman, Arthur G.
245 ## - TITLE STATEMENT
Title Mechanism Design: Analysis and Synthesis Vol.1
250 ## - EDITION STATEMENT
Edition statement 4th
260 ## - PUBLICATION, DISTRIBUTION, ETC. (IMPRINT)
Name of publisher Prentice Hall, New Jersey,
Year of publication 2001.
300 ## - PHYSICAL DESCRIPTION
Number of Pages 666p.
700 ## - ADDED ENTRY--PERSONAL NAME
Personal name Sandore, George N
700 ## - ADDED ENTRY--PERSONAL NAME
Personal name Kota, Sridhar
942 ## - ADDED ENTRY ELEMENTS (KOHA)
Koha item type Books
Holdings
Withdrawn status Lost status Damaged status Home library Current library Date acquired Source of acquisition Cost, normal purchase price Accession Number Koha item type
      KAUAET KAUAET 27/02/2025 Dreamtech, Trivandrum 10276.20 23154 Books
free website counter